Statistics for World Landmarks - Africa

Click here to take the quiz!

General Stats

  • This quiz has been taken 12 times
  • The average score is 9 of 18

Answer Stats

Answer% Correct
Sahara Desert
100%
The Great Pyramids of Giza
100%
The Nile River
100%
Mount Kilimanjaro
90%
Victoria Falls
90%
Serengeti National Park
80%
Djingareyber Mosque
60%
Table Mountain
60%
The Avenue of Baobabs
40%
The Valley of the Kings
30%
Fish River Canyon
20%
Maasai Mara National Reserve
20%
Ngorongoro Crater
20%
Sossusvlei
20%
Zanzibar
20%
Lalibela Rock-Hewn Churches
10%
Olduvai Gorge
10%
The Omo National Park and River Valley
10%

Score Distribution

Percentile by Number Answered

Percent of People with Each Score

Your Score History

You have not taken this quiz